Cuentos de Ciencia Ficción
-д хадгалсан:
| Үндсэн зохиолчид: | , , |
|---|---|
| Формат: | Ном |
| Хэл сонгох: | испани |
| Хэвлэсэн: |
Santiago
Pehuén
1995
|
| Хэвлэл: | 5a. ed |
| Цуврал: | Colección Moby Dick, 17
|
| Нөхцлүүд: | |
| Шошгууд: |
Шошго нэмэх
Шошго байхгүй, Энэхүү баримтыг шошголох эхний хүн болох!
|
MARC
| LEADER | 00000nam a2200000 a 4500 | ||
|---|---|---|---|
| 001 | UCH4161 | ||
| 003 | CL-VaPUC | ||
| 008 | 090818e19950000CL |||||||||||||||||spa|d | ||
| 020 | |a 9561601230 | ||
| 082 | 0 | 4 | |a 813 |b BRA |2 21 |
| 100 | 0 | |a Bradbury, Ray |e author |9 429861 | |
| 700 | 0 | |a Reynolds, Mack |e author |9 539626 | |
| 700 | 0 | |a Young, Robert F |e author |9 539627 | |
| 245 | 1 | 0 | |a Cuentos de Ciencia Ficción |
| 250 | |a 5a. ed | ||
| 300 | |a 125 | ||
| 942 | |c BK | ||
| 945 | |d 20090818 00:00:00 |a ccalabra | ||
| 260 | |a Santiago |b Pehuén |c 1995 | ||
| 650 | 0 | |a Literatura inglesa |9 312907 | |
| 650 | 0 | |a Cuentos |9 308079 | |
| 650 | 0 | |a Ficción |9 376687 | |
| 650 | 0 | |a Literatura |9 259151 | |
| 651 | 0 | |a Estados Unidos |9 255178 | |
| 583 | |a last modification |c 20090818 00:00:00 |k Rodrigo Vera | ||
| 490 | 0 | |a Colección Moby Dick, 17 | |
| 999 | |c 335498 |d 335496 | ||